Countries with non-unique names - Statistics

General Stats
  • This quiz has been taken 157 times
  • The average score is 7 of 10
Answer Stats
Country % Correct
North Korea (The Democratic People's Republic of Korea)
93%
South Korea (The Republic of Korea)
90%
Congo (The Democratic Republic of the Congo)
80%
Congo (The Republic of the Congo)
78%
South Sudan (The Republic of South Sudan)
71%
Sudan (The Republic of the Sudan)
70%
Guinea (The Republic of Guinea)
67%
China (The People's Republic of China)
53%
Taiwan (The Republic of China)
44%
Ireland
22%
No matching quizzes found
Score Distribution
Percent of People with Each Score
Percentile by Number Answered
Your Score History
You have not taken this quiz